| 000 | 00422nam a2200169Ia 4500 | ||
|---|---|---|---|
| 008 | 230524s9999 xx 000 0 und d | ||
| 020 | _a8121928222 | ||
| 082 | _bKHU | ||
| 100 | _a"Khurmi, R.S" | ||
| 245 | 0 | _aStrength of Materials (Mechanics of Solids) SI Units | |
| 250 | _a1 | ||
| 260 |
_aNew Delhi _bS.Chand _c2013 |
||
| 300 | _axvi;862 p. | ||
| 500 | _aQuantity Number: 30 | ||
| 650 | _aMechanics | ||
| 942 | _cBK | ||
| 999 |
_c53130 _d53130 |
||